000 02223cam a22003374i 4500
003 PE-LiUPU
005 20250731183449.0
008 240927b |||||||| |||| 00| 0 spa d
020 _a9788425229077
040 _bspa
_cPE-LiUPU
_erda
_dPE-LiUPU
082 0 4 _a724
_bV853m
_223
100 _aVittorio Aureli, Pier,
_d1973-
_eautor.
_94448
245 1 0 _aMenos es suficiente /
_cPier Vittorio Aureli; traducción de María Serrano.
264 1 _aBarcelona :
_bEditorial Gustavo Gili,
_c2013.
300 _a80 npáginas ;
_c18 centímetros.
336 _atext
_2rdacontent
337 _aunmediated
_2rdamedia
338 _avolume
_2rdacarrier
520 _aMenos es más. Así reza la máxima más célebre del movimiento moderno. Pero, ¿es realmente así? En una época en la que incesantemente se nos insta a hacer “más con menos”, ¿podemos seguir romantizando las pretensiones del minimalismo? Para Pier Vittorio Aureli, la vindicación del "chic austero" es una perversión de lo que debería ser, en realidad, una forma de vida dotada de pleno sentido. Rastreando el florecimiento del ascetismo en la primera era cristiana y su institucionalización a través de los monasterios medievales, Aureli examina cómo la unidad básica de la vida en reclusión-la célula monacal- se convirtió en el cimiento de la propiedad privada y en el origen de todos nuestros males. En el tardocapitalismo, el ascetismo se ha visto completamente estetizado y se manifiesta en el estilo de vida monacal de Steve Jobs, en el aura contenida de Apple o en la existencia de monasterios inspirados por tiendas de Calvin Klein. Entre toda esta hipocresía, ¿es posible recuperar la idea de "menos" como alternativa radical, como el primer paso para vivir la vida examinada?
526 _aP158
526 _aP146
526 _aP17
526 _aP12
526 _aP06
650 1 4 _aArquitectura moderna
_9548
650 2 4 _aMinimalismo (Arquitectura)
_94449
700 _aSerrano, María,
_etraductora.
_94450
942 _2ddc
_cBK
980 _618226
_aJaime Vilcazán Jefe de Análisis Documental
_81
_gALBERTO SANCHEZ Responsable de Automatización
999 _c62642
_d62641